[Event "Motor City Open"]
[Site "Detroit"]
[Date "1991.11.29"]
[Round "2"]
[White "Johnston, Rowland"]
[Black "Mazuchowski, Tom"]
[Result "0-1"]
[WhiteElo "1781"]
[BlackElo "2110"]
[PlyCount "98"]
[EventDate "1991.11.29"]

1. b4 a5 2. b5 Nf6 3. Bb2 d6 4. e3 g6 5. Nf3 Bg7 6. c4 O-O 7. Nc3 Nbd7 8. Be2
e5 9. d3 b6 10. Nd2 Bb7 11. Bf3 Bxf3 12. Nxf3 Qe7 13. O-O Nc5 14. Na4 Nxd3 15.
Qxd3 e4 16. Qe2 exf3 17. Qxf3 Ne4 18. Bxg7 Kxg7 19. Rfd1 f5 20. Qe2 Rae8 21. f3
Nf6 22. Kf2 g5 23. Nc3 Qe5 24. Nd5 Nxd5 25. cxd5 Qxh2 26. Qb2+ Qe5 27. Qxe5+
Rxe5 28. Rac1 Rf7 29. a4 h5 30. Rd3 Kf6 31. Rc4 Ree7 32. g3 Kg7 33. Rdc3 Kf8
34. Kg2 Ke8 35. Kf2 Kd8 36. Rd4 Rh7 37. Kg2 Rh6 38. Kf2 Rg7 39. e4 f4 40. Rd1
fxg3+ 41. Kxg3 h4+ 42. Kg4 Rf6 43. Rdc1 Rf4+ 44. Kh3 Rgf7 45. Rf1 g4+ 46. Kg2
gxf3+ 47. Rcxf3 Rxf3 48. Rxf3 Rxf3 49. Kxf3 Ke7 0-1

[Event "Motor City Open"]
[Site "Detroit"]
[Date "1991.11.29"]
[Round "2"]
[White "Johnson, Henry"]
[Black "Carroll, Deuvoy"]
[Result "0-1"]
[WhiteElo "1804"]
[BlackElo "2176"]
[PlyCount "72"]
[EventDate "1991.11.29"]

1. Nf3 Nf6 2. g3 d5 3. Bg2 Bg4 4. O-O Nbd7 5. d4 e6 6. Nc3 c5 7. h3 Bxf3 8.
exf3 cxd4 9. Qxd4 Bc5 10. Qa4 O-O 11. Bg5 Qc7 12. Rac1 Qxg3 13. Bh4 Qg6 14. Kh1
Rac8 15. Ne2 Bb6 16. Nf4 Qf5 17. Bg3 Rc4 18. Qb3 Rxf4 19. Qd3 Qxd3 20. cxd3 Rd4
21. Bd6 Re8 22. Rc3 Nh5 23. Rfc1 h6 24. Bf1 Kh7 25. Rc8 Rxc8 26. Rxc8 Nf4 27.
b4 Nxd3 28. Kg2 Nxb4 29. Bb5 Nc6 30. Bxc6 bxc6 31. Rxc6 Rd2 32. Bg3 Rxa2 33.
Rd6 Nc5 34. Be5 Nd3 35. Bg3 Nxf2 36. Rd7 Ne4+ 0-1

[Event "Motor City Open"]
[Site "Detroit"]
[Date "1991.11.29"]
[Round "2"]
[White "Golonka, Stan"]
[Black "Burke, Tim"]
[Result "1-0"]
[WhiteElo "2059"]
[BlackElo "1717"]
[PlyCount "65"]
[EventDate "1991.11.29"]

1. c4 Nf6 2. Nc3 g6 3. g3 Bg7 4. Bg2 O-O 5. e4 d6 6. Nge2 e5 7. O-O Nc6 8. d3
Ne7 9. h3 c6 10. Qc2 d5 11. cxd5 cxd5 12. Bg5 dxe4 13. dxe4 Qa5 14. Rab1 Be6
15. b4 Qc7 16. Qb2 Ne8 17. Rbc1 f6 18. Be3 f5 19. Na4 Qd7 20. Nc5 Qc8 21. Rfd1
f4 22. Rd8 Qxd8 23. Nxe6 Qd3 24. Nxf8 Kxf8 25. gxf4 exf4 26. Bd4 f3 27. Bxg7+
Kf7 28. Nf4 Qxe4 29. Qb3+ Kxg7 30. Qxf3 Qxb4 31. Ne6+ Kh6 32. Qf8+ Kh5 33. Bf3+
1-0

[Event "Motor City Open"]
[Site "Detroit"]
[Date "1991.11.29"]
[Round "1"]
[White "Ghiata, Gheorghe"]
[Black "McFolley, John"]
[Result "1-0"]
[WhiteElo "1945"]
[BlackElo "1271"]
[PlyCount "87"]
[EventDate "1991.11.29"]

1. e4 e5 2. Nf3 Nc6 3. d4 f6 4. Bc4 Bb4+ 5. c3 Ba5 6. dxe5 Nxe5 7. Nxe5 fxe5 8.
Qh5+ g6 9. Qxe5+ Qe7 10. Qxh8 Qxe4+ 11. Be2 Qd5 12. O-O d6 13. Qxh7 Bf5 14. Bf3
Qe5 15. Bxb7 Nf6 16. Qh8+ Kf7 17. Bxa8 Ng4 18. Qxe5 Nxe5 19. Be3 a6 20. b4 Bb6
21. Bxb6 cxb6 22. Nd2 Ke6 23. f4 Nd3 24. Ne4 d5 25. Ng5+ Kd6 26. Nf7+ Ke6 27.
Ne5 Nb2 28. Nxg6 Bxg6 29. f5+ Bxf5 30. Rxf5 Kxf5 31. Bxd5 Nd3 32. Rd1 Nb2 33.
Rd4 Ke5 34. Bb3 b5 35. Kf2 Kf6 36. Ke3 Ke7 37. Kf4 Kf6 38. Rd6+ Ke7 39. Ke5 Ke8
40. Kf6 Nc4 41. Bxc4 bxc4 42. a4 a5 43. bxa5 Kf8 44. Rd8# 1-0

[Event "Motor City Open"]
[Site "Detroit"]
[Date "1991.11.29"]
[Round "3"]
[White "Ghiata, Gheorghe"]
[Black "Jordan, Willie"]
[Result "1/2-1/2"]
[WhiteElo "1945"]
[BlackElo "1683"]
[PlyCount "115"]
[EventDate "1991.11.29"]

1. d4 Nf6 2. e3 d5 3. Bd3 Nbd7 4. f4 c5 5. c3 e6 6. Nd2 c4 7. Bc2 Qc7 8. g4 h6
9. Qf3 b5 10. Ne2 Bb7 11. O-O Bd6 12. Ng3 a5 13. Rf2 g5 14. Ndf1 gxf4 15. exf4
O-O-O 16. g5 hxg5 17. fxg5 Ne4 18. Nxe4 dxe4 19. Bxe4 Bxe4 20. Qxe4 Kb8 21. Bf4
e5 22. Bg3 exd4 23. cxd4 Bxg3 24. Nxg3 Rde8 25. Qd5 Re3 26. Nf5 Reh3 27. Nd6
Nb6 28. Qe5 Nd7 29. Qxb5+ Nb6 30. Qe5 Nd7 31. Qf4 R3h4 32. Qxf7 Qxd6 33. Re1
Qxd4 34. Re8+ Kc7 35. Rxh8 Rg4+ 36. Kh1 Qxh8 37. Qf5 Qa8+ 38. Qf3 Qxf3+ 39.
Rxf3 Rxg5 40. Rc3 Ne5 41. b3 Rg4 42. h3 Rd4 43. bxc4 Rd3 44. Rxd3 Nxd3 45. h4
Kc6 46. Kg2 Kc5 47. Kf3 Kxc4 48. Ke4 Nc5+ 49. Kf5 Nd7 50. Ke6 Nf8+ 51. Kf6 Nh7+
52. Kg7 Kc3 53. Kxh7 a4 54. h5 a3 55. Kg8 Kb2 56. h6 Kxa2 57. h7 Kb1 58. h8=Q
1/2-1/2

[Event "Motor City Open"]
[Site "Detroit"]
[Date "1991.11.29"]
[Round "1"]
[White "Foord, Allan"]
[Black "Everett, Morgan"]
[Result "0-1"]
[WhiteElo "1735"]
[BlackElo "2148"]
[PlyCount "80"]
[EventDate "1991.11.29"]

1. e4 e5 2. Nf3 Nc6 3. Bb5 a6 4. Ba4 Nf6 5. O-O Be7 6. Re1 b5 7. Bb3 d6 8. c3
O-O 9. h3 Nb8 10. d4 Nbd7 11. Be3 Bb7 12. dxe5 dxe5 13. Bd5 c6 14. Bb3 c5 15.
Bd5 Qc7 16. Bxb7 Qxb7 17. Bg5 Rad8 18. Qe2 Rfe8 19. Nbd2 h6 20. Bh4 Qc7 21.
Rad1 c4 22. Nf1 Nc5 23. Rxd8 Rxd8 24. Rd1 Rxd1 25. Qxd1 Ncxe4 26. Ng3 g5 27.
Nxe4 Nxe4 28. Qd5 Nf6 29. Qa8+ Qd8 30. Qxd8+ Bxd8 31. Bg3 e4 32. Nd2 Bb6 33.
Be5 e3 34. fxe3 Bxe3+ 35. Kf1 Nd7 36. Nf3 Nxe5 37. Nxe5 Bc1 38. b3 cxb3 39.
axb3 Bb2 40. c4 Bxe5 0-1

[Event "Motor City Open"]
[Site "Detroit"]
[Date "1991.11.29"]
[Round "3"]
[White "Fluellen, Nathaniel"]
[Black "McFolley, John"]
[Result "0-1"]
[WhiteElo "1272"]
[BlackElo "1271"]
[PlyCount "74"]
[EventDate "1991.11.29"]

1. e4 e5 2. Nf3 Nc6 3. Nc3 Bb4 4. a3 Bxc3 5. dxc3 Nf6 6. Bg5 d6 7. h3 Be6 8.
Bxf6 Qxf6 9. Bb5 a6 10. Bd3 O-O 11. Qe2 b5 12. O-O-O d5 13. exd5 Bxd5 14. Bxh7+
Kxh7 15. Rxd5 Rfe8 16. Qe4+ Kg8 17. h4 g6 18. h5 Qf4+ 19. Qxf4 exf4 20. hxg6
fxg6 21. Ng5 Re2 22. Kb1 Rxf2 23. Rc5 Rxg2 24. Nh7 f3 25. Rxc6 f2 26. Nf6+ Kg7
27. Rh7+ Kf8 28. Nd7+ Ke8 29. Nf6+ Kd8 30. Rd7+ Kc8 31. Rcxc7+ Kb8 32. Rb7+ Kc8
33. Ng8 f1=Q+ 34. Ka2 Qc4+ 35. b3 Rxc2+ 36. Ka1 Qf1+ 37. Rd1 Qxd1# 0-1

[Event "Motor City Open"]
[Site "Detroit"]
[Date "1991.11.29"]
[Round "1"]
[White "Fluellen, Nathaniel"]
[Black "Koger, Melvin"]
[Result "0-1"]
[WhiteElo "1272"]
[BlackElo "1761"]
[PlyCount "70"]
[EventDate "1991.11.29"]

1. e3 e5 2. d4 e4 3. Nc3 d5 4. a3 Nf6 5. h3 Bd6 6. Nge2 O-O 7. Nb5 Be7 8. Nf4
c6 9. Nc3 Bd6 10. Qe2 Nbd7 11. Bd2 Bxf4 12. exf4 Qb6 13. Na4 Qxd4 14. Nc3 Qb6
15. O-O-O Re8 16. Na4 Qc7 17. Be3 c5 18. Nc3 d4 19. Nb5 Qb6 20. Nxd4 cxd4 21.
Bxd4 Qc7 22. Be3 Nc5 23. Kb1 Be6 24. Bxc5 Qxc5 25. Qe1 b5 26. Rc1 a5 27. c3 Qd5
28. c4 bxc4 29. Bxc4 Qb7 30. Qe3 Rab8 31. Qe2 Nd5 32. Rc2 Nxf4 33. Qe1 Bxc4 34.
Qe3 Bd3 35. Rhc1 Qxb2# 0-1

[Event "Motor City Open"]
[Site "Detroit"]
[Date "1991.11.29"]
[Round "3"]
[White "Falkowski, Kenneth"]
[Black "Thomas, Carlton"]
[Result "0-1"]
[WhiteElo "1723"]
[BlackElo "2129"]
[PlyCount "70"]
[EventDate "1991.11.29"]

1. d4 Nf6 2. Nc3 g6 3. e4 d6 4. Bg5 Bg7 5. Qd2 h6 6. Bf4 g5 7. Be3 Ng4 8. O-O-O
Nxe3 9. fxe3 Nc6 10. Be2 e5 11. d5 Ne7 12. Bh5 O-O 13. Qe2 f5 14. h4 fxe4 15.
hxg5 Nf5 16. Nxe4 hxg5 17. Nf3 Bh6 18. Bg6 Kg7 19. Bxf5 Bxf5 20. Ng3 Bg6 21.
Rxh6 Kxh6 22. Rh1+ Kg7 23. e4 Rh8 24. Rf1 g4 25. Nxe5 Qg5+ 26. Kb1 dxe5 27. Qb5
Qe7 28. b3 b6 29. Qe2 Qg5 30. Qb5 Rad8 31. Qc6 Qe7 32. Qc3 Rdf8 33. Rd1 Rf2 34.
Qe3 Rxg2 35. Rf1 Rh3 0-1

[Event "Motor City Open"]
[Site "Detroit"]
[Date "1991.11.29"]
[Round "1"]
[White "Falkowski, Kenneth"]
[Black "Brooks, John"]
[Result "0-1"]
[WhiteElo "1723"]
[BlackElo "2195"]
[PlyCount "68"]
[EventDate "1991.11.29"]

1. d4 Nf6 2. Nc3 d5 3. e4 Nxe4 4. Nxe4 dxe4 5. Be3 Bf5 6. Ne2 e6 7. Ng3 Bg6 8.
Bc4 c6 9. f3 Bd6 10. Nxe4 Bxe4 11. fxe4 Qh4+ 12. Kd2 Qxe4 13. Qe2 Bf4 14. Bxf4
Qxd4+ 15. Ke1 Qxf4 16. Bxe6 O-O 17. Bb3 Na6 18. Rf1 Qxh2 19. Kf2 Nc5 20. Qg4
Rae8 21. Rae1 h5 22. Qc4 Re5 23. Rxe5 Qxe5 24. Re1 Qg5 25. Kg1 h4 26. Kh1 Ne6
27. Rf1 Qh6 28. Qg4 Rd8 29. Qf5 Rd7 30. Re1 Re7 31. Rd1 Qe3 32. c3 Re8 33. Bc2
g6 34. Qg4 Nf4 0-1

[Event "Motor City Open"]
[Site "Detroit"]
[Date "1991.11.29"]
[Round "2"]
[White "Everett, Morgan"]
[Black "Steverson, Bunnard"]
[Result "1/2-1/2"]
[WhiteElo "2148"]
[BlackElo "1839"]
[PlyCount "70"]
[EventDate "1991.11.29"]

1. e4 c5 2. Nf3 d6 3. d4 cxd4 4. Nxd4 Nf6 5. Nc3 Nc6 6. Bg5 e6 7. Be2 a6 8. Qd2
Be7 9. O-O O-O 10. Nb3 Qc7 11. Be3 b5 12. a3 Bb7 13. f4 Rfd8 14. Bf3 Rac8 15.
Qf2 Nd7 16. Rad1 Na5 17. Nxa5 Qxa5 18. Kh1 Qc7 19. Bd4 Nc5 20. Qg3 Bf8 21. f5
e5 22. Be3 f6 23. Qf2 Be7 24. Rd2 Nd7 25. g4 Qc4 26. Qg2 Nc5 27. Rfd1 Na4 28.
Nxa4 Qxa4 29. b3 Qxa3 30. g5 Qb4 31. gxf6 Bxf6 32. Bg5 Bxg5 33. Qxg5 Bxe4 34.
Rg2 Rd7 35. Qg4 Bxf3 1/2-1/2

[Event "Motor City Open"]
[Site "Detroit"]
[Date "1991.11.29"]
[Round "2"]
[White "Dobbs, Edward"]
[Black "Tsemekhman, Vadim"]
[Result "0-1"]
[WhiteElo "1847"]
[BlackElo "2442"]
[PlyCount "84"]
[EventDate "1991.11.29"]

1. c4 g6 2. d4 Bg7 3. Bg5 c5 4. e3 Qa5+ 5. Qd2 Qxd2+ 6. Nxd2 cxd4 7. exd4 Bxd4
8. Rb1 d6 9. Ngf3 Bg7 10. Bd3 Nf6 11. O-O O-O 12. b4 Nc6 13. a3 Bd7 14. Nb3 b6
15. Rfc1 h6 16. Bd2 Ng4 17. Kf1 Rac8 18. c5 dxc5 19. bxc5 Nce5 20. Nxe5 Nxe5
21. Ba6 Bf5 22. Bxc8 Bxb1 23. Rxb1 Rxc8 24. cxb6 axb6 25. Nc1 Rc2 26. Ke2 Nc4
27. Kd3 Rxd2+ 28. Kxc4 Rxf2 29. Nd3 Rc2+ 30. Kb5 Rc3 31. Ka4 Rxd3 32. Rxb6 e5
33. Kb4 Bf8+ 34. Kc4 Rxa3 35. Kd5 Ra5+ 36. Ke4 Kg7 37. g4 Ra4+ 38. Kf3 e4+ 39.
Ke2 Ra2+ 40. Ke1 Rxh2 41. Rb3 Bc5 42. Rc3 Bb4 0-1

[Event "Motor City Open"]
[Site "Detroit"]
[Date "1991.11.29"]
[Round "3"]
[White "Daniel, Aaron"]
[Black "McCarter, Robert"]
[Result "1-0"]
[WhiteElo "2108"]
[BlackElo "1755"]
[PlyCount "107"]
[EventDate "1991.11.29"]

1. d4 Nf6 2. Nf3 e6 3. Bg5 h6 4. Bh4 Be7 5. Nbd2 O-O 6. e4 d6 7. Bd3 c5 8. c3
Nbd7 9. O-O b6 10. e5 dxe5 11. dxe5 Nd5 12. Bg3 Bb7 13. Qe2 a6 14. Rad1 Qc7 15.
Rfe1 Rfd8 16. a3 b5 17. Qe4 Nf8 18. Qe2 c4 19. Bc2 Bc5 20. Ne4 Ba7 21. Nh4 Qe7
22. Qg4 f5 23. exf6 Nxf6 24. Nxf6+ Qxf6 25. Nf3 Bxf3 26. Qxf3 Qxf3 27. gxf3 Bc5
28. Be4 Rxd1 29. Rxd1 Ra7 30. Bc6 Kf7 31. Rd8 a5 32. Bxb5 a4 33. Rc8 Be7 34.
Bxc4 Rb7 35. Rb8 Rxb8 36. Bxb8 Nd7 37. Bc7 Nc5 38. Bb5 Kf6 39. Bb6 Ke5 40. Bxc5
Bxc5 41. Bxa4 Be7 42. b4 Bg5 43. Bb3 Bd2 44. c4 Bc1 45. a4 Ba3 46. b5 Bc5 47.
a5 Kd6 48. Kf1 e5 49. Ke2 g5 50. Kd3 Bxf2 51. b6 Bc5 52. Ba4 Bb4 53. a6 Bc5 54.
a7 1-0

[Event "Motor City Open"]
[Site "Detroit"]
[Date "1991.11.29"]
[Round "1"]
[White "Collins, Charles"]
[Black "Parker, Bernard"]
[Result "0-1"]
[WhiteElo "1729"]
[BlackElo "1490"]
[PlyCount "54"]
[EventDate "1991.11.29"]

1. d4 d5 2. c4 e6 3. g3 Nf6 4. Bg2 c6 5. Nf3 Bd6 6. O-O dxc4 7. Qc2 b5 8. Rd1
Nbd7 9. Ne5 Bb7 10. a4 Qc7 11. axb5 cxb5 12. Nxd7 Nxd7 13. e4 O-O 14. Nc3 a6
15. e5 Be7 16. Ne4 Bd5 17. Ng5 Bxg5 18. Bxg5 Bxg2 19. Kxg2 Nb6 20. Qe4 Nd5 21.
Qg4 Nb4 22. Bh6 f5 23. exf6 Rxf6 24. Bf4 Qc6+ 25. Kg1 Nd3 26. Bc1 Nxf2 27. Qe2
Qh1# 0-1

[Event "Motor City Open"]
[Site "Detroit"]
[Date "1991.11.29"]
[Round "1"]
[White "Chehayeb, Sal"]
[Black "Sledge, Ernest"]
[Result "0-1"]
[WhiteElo "2131"]
[BlackElo "1691"]
[PlyCount "86"]
[EventDate "1991.11.29"]

1. e4 c5 2. Nf3 Nc6 3. d4 cxd4 4. Nxd4 d6 5. Nc3 g6 6. Be3 Bg7 7. Qd2 Nf6 8. f3
a6 9. O-O-O Bd7 10. Bc4 O-O 11. h4 b5 12. Nxc6 Bxc6 13. Bb3 a5 14. h5 a4 15.
Bd5 Bxd5 16. Nxd5 Nxd5 17. Qxd5 a3 18. b3 Rb8 19. hxg6 hxg6 20. Bh6 Bb2+ 21.
Kb1 Re8 22. Bc1 b4 23. Bxb2 axb2 24. Qd4 f6 25. Rh6 Kg7 26. Rdh1 Rg8 27. f4 Qb6
28. Qc4 Rh8 29. Qe6 Qc7 30. Qh3 Rbc8 31. c4 bxc3 32. Kc2 Qc5 33. Rh7+ Rxh7 34.
Qxh7+ Kf8 35. Qh8+ Kf7 36. Qh7+ Ke6 37. Qh3+ f5 38. exf5+ gxf5 39. Re1+ Kd7 40.
Qh4 d5 41. Rd1 d4 42. Rd3 b1=Q+ 43. Kxb1 c2+ 0-1

[Event "Motor City Open"]
[Site "Detroit"]
[Date "1991.11.29"]
[Round "1"]
[White "Carroll, Deuvoy"]
[Black "McCarter, Robert"]
[Result "1-0"]
[WhiteElo "2176"]
[BlackElo "1755"]
[PlyCount "53"]
[EventDate "1991.11.29"]

1. d4 Nf6 2. Nf3 e6 3. Bg5 d5 4. Nbd2 g6 5. e4 dxe4 6. Nxe4 Bg7 7. Ne5 O-O 8.
Qf3 Qxd4 9. Bxf6 Bxf6 10. Nxf6+ Kg7 11. Nfg4 f6 12. c3 Qc5 13. Nc4 Nc6 14. Be2
e5 15. O-O Be6 16. Qe3 Qe7 17. Rad1 Bxc4 18. Bxc4 f5 19. Qh6+ Kh8 20. Ne3 Rad8
21. Rd5 f4 22. Rxd8 Rxd8 23. Nd5 Qc5 24. Nf6 Qe7 25. Ne4 a6 26. Ng5 Rf8 27.
Nxh7 1-0

[Event "Motor City Open"]
[Site "Detroit"]
[Date "1991.11.29"]
[Round "3"]
[White "Carroll, Deuvoy"]
[Black "Levadi, David"]
[Result "1-0"]
[WhiteElo "2176"]
[BlackElo "1964"]
[PlyCount "87"]
[EventDate "1991.11.29"]

1. d4 d5 2. Nf3 Nf6 3. Bg5 c5 4. c3 Ne4 5. Bh4 cxd4 6. Nxd4 Qb6 7. Qb3 Qxb3 8.
axb3 g5 9. Bg3 Nxg3 10. hxg3 Nc6 11. Nb5 Kd8 12. Nd2 a6 13. e4 dxe4 14. Nxe4 f6
15. O-O-O+ Bd7 16. Nc5 axb5 17. Rxd7+ Kc8 18. Rd1 Ra1+ 19. Kc2 Rxd1 20. Kxd1 b4
21. Ne6 bxc3 22. bxc3 Ne5 23. Be2 Ng6 24. Bd3 Ne5 25. Bf5 Kb8 26. Ke2 h5 27.
Nxf8 Rxf8 28. Rxh5 Kc7 29. Rh1 Ra8 30. Rd1 Ra3 31. Be6 Ra2+ 32. Rd2 Rxd2+ 33.
Kxd2 Kd6 34. Bc8 b6 35. f4 Nf7 36. Ke3 Nd8 37. Ke4 Ne6 38. Bxe6 Kxe6 39. f5+
Kd6 40. b4 Kc6 41. c4 Kd6 42. Kd4 Kc6 43. c5 g4 44. Kc4 1-0

[Event "Motor City Open"]
[Site "Detroit"]
[Date "1991.11.29"]
[Round "1"]
[White "Burke, Tim"]
[Black "Thomas, Carlton"]
[Result "1-0"]
[WhiteElo "1717"]
[BlackElo "2129"]
[PlyCount "75"]
[EventDate "1991.11.29"]

1. e4 e6 2. d4 d5 3. Nc3 Bb4 4. e5 c5 5. a3 Bxc3+ 6. bxc3 Qc7 7. a4 Ne7 8. Nf3
b6 9. Bd3 Ba6 10. Bb5+ Nec6 11. O-O Bxb5 12. axb5 Na5 13. Nd2 Nd7 14. Qg4 g6
15. Ba3 O-O 16. h4 Rfe8 17. Qe2 cxd4 18. cxd4 Rec8 19. g4 Qd8 20. Nf3 Rc4 21.
Rac1 Rac8 22. Rfd1 Nf8 23. g5 Qd7 24. Nh2 Qxb5 25. Ng4 f5 26. exf6 h5 27. Nh6+
Kh7 28. Bxf8 Rxf8 29. Qxe6 Qe8 30. Qxd5 Qd8 31. Qe6 Rc6 32. Qe7+ Qxe7 33. fxe7
Re8 34. d5 Rd6 35. Nf7 Nc4 36. Nxd6 Nxd6 37. Re1 Nc8 38. Rcd1 1-0

[Event "Motor City Open"]
[Site "Detroit"]
[Date "1991.11.29"]
[Round "2"]
[White "Brooks, John"]
[Black "Williams, Ron"]
[Result "1-0"]
[WhiteElo "2195"]
[BlackElo "1854"]
[PlyCount "87"]
[EventDate "1991.11.29"]

1. d4 d5 2. c4 c6 3. e3 Nf6 4. Nc3 Bf5 5. cxd5 Nxd5 6. Nge2 e6 7. e4 Nxc3 8.
Nxc3 Bg6 9. Be3 Bb4 10. f3 O-O 11. Qb3 Qe7 12. a3 Ba5 13. Bd3 Bb6 14. Na4 Ba5+
15. Kf2 Rd8 16. Rhd1 b5 17. Nc5 Bc7 18. e5 Nd7 19. Bxg6 hxg6 20. Nxd7 Qxd7 21.
a4 a6 22. axb5 axb5 23. Ke2 Bb6 24. Rxa8 Rxa8 25. d5 Bxe3 26. dxe6 Qxe6 27.
Qxe6 fxe6 28. Kxe3 Rc8 29. Rd6 Kf7 30. Rd7+ Kf8 31. Rb7 g5 32. b4 c5 33. Rxb5
cxb4 34. Rxb4 Kf7 35. Rb7+ Kf8 36. Rb4 Kf7 37. Rg4 Rh8 38. h3 Kg6 39. f4 Rh5
40. Ke4 Kh6 41. f5 Kh7 42. fxe6 Kg8 43. Kf5 Kf8 44. Rxg5 1-0

[Event "Motor City Open"]
[Site "Detroit"]
[Date "1991.11.29"]
[Round "3"]
[White "Belfer, Joseph"]
[Black "Ward, Tom"]
[Result "1-0"]
[WhiteElo "2210"]
[BlackElo "2149"]
[PlyCount "63"]
[EventDate "1991.11.29"]

1. e4 c5 2. Nf3 d6 3. d4 cxd4 4. Nxd4 Nf6 5. Nc3 a6 6. Be2 e5 7. Nf3 h6 8. a4
Be7 9. h3 Be6 10. Be3 Qc7 11. O-O Qc6 12. Bd3 Nbd7 13. Nd2 O-O 14. f4 exf4 15.
Bxf4 Qb6+ 16. Kh1 Qxb2 17. Ne2 Qb6 18. Rb1 Qc7 19. Nd4 Nc5 20. Nxe6 Nxe6 21.
Bh2 Nc5 22. Nc4 Nfxe4 23. Nb6 Rae8 24. Nd5 Qc6 25. c4 Nxd3 26. Qxd3 f5 27. Rb6
Qxa4 28. Rxb7 Nc5 29. Nxe7+ Rxe7 30. Qd5+ Kh8 31. Rxe7 Ne4 32. Rxe4 1-0

[Event "Motor City Open"]
[Site "Detroit"]
[Date "1991.11.29"]
[Round "2"]
[White "Basin, Leonid"]
[Black "Lubben, Don"]
[Result "1-0"]
[WhiteElo "2471"]
[BlackElo "1882"]
[PlyCount "67"]
[EventDate "1991.11.29"]

1. e4 e6 2. d4 d5 3. Nc3 Bb4 4. e5 c5 5. a3 Bxc3+ 6. bxc3 Ne7 7. Qg4 Ng6 8. h4
f5 9. exf6 Qxf6 10. Bg5 Qf5 11. Qxf5 exf5 12. h5 Ne7 13. dxc5 Nd7 14. Bb5 a6
15. Ba4 Nc6 16. Bb3 Nxc5 17. Bxd5 Be6 18. c4 Na5 19. Be3 Bxd5 20. cxd5 Rc8 21.
h6 g6 22. Ne2 Ne4 23. Bd4 Rf8 24. Nf4 Kf7 25. f3 Rfe8 26. O-O Nc3 27. Rfe1
Rxe1+ 28. Rxe1 Nb5 29. Bg7 Nd6 30. Re6 Nac4 31. Nd3 Re8 32. Ne5+ Kg8 33. Rxe8+
Nxe8 34. Nxc4 1-0

[Event "Motor City Open"]
[Site "Detroit"]
[Date "1991.11.29"]
[Round "3"]
[White "Barnette, Glenn"]
[Black "Parker, Bernard"]
[Result "1-0"]
[WhiteElo "1742"]
[BlackElo "1490"]
[PlyCount "95"]
[EventDate "1991.11.29"]

1. d4 d5 2. e3 Nf6 3. Bd3 Bg4 4. Ne2 e6 5. Nd2 c5 6. c3 Nbd7 7. Bb5 a6 8. Bxd7+
Qxd7 9. f3 Bh5 10. Ng3 Bg6 11. O-O Bd3 12. Re1 c4 13. e4 dxe4 14. Ngxe4 Be7 15.
Nxf6+ Bxf6 16. Ne4 Bh4 17. g3 Be7 18. Nf2 Bg6 19. Bf4 O-O 20. Qe2 b5 21. Ng4
Bd3 22. Qd2 Bd6 23. Bxd6 Qxd6 24. Re3 h6 25. Ne5 Bh7 26. Rae1 Rad8 27. Qg2 Rde8
28. f4 f6 29. Ng4 h5 30. Nf2 a5 31. Ne4 Bxe4 32. Qxe4 f5 33. Qe5 Qxe5 34. Rxe5
Kf7 35. h4 g6 36. Kf2 Rg8 37. a3 Rgf8 38. d5 exd5 39. Rxd5 Rxe1 40. Kxe1 Re8+
41. Kd2 Re6 42. Rd8 Ke7 43. Rg8 Kd6 44. Rd8+ Kc5 45. Rc8+ Kd5 46. a4 bxa4 47.
Rd8+ Ke4 48. Ke2 1-0

[Event "Motor City Open"]
[Site "Detroit"]
[Date "1991.11.29"]
[Round "1"]
[White "Barnette, Glenn"]
[Black "Basin, Leonid"]
[Result "0-1"]
[WhiteElo "1742"]
[BlackElo "2471"]
[PlyCount "60"]
[EventDate "1991.11.29"]

1. d4 f5 2. e3 Nf6 3. Bd3 d6 4. Nd2 e5 5. c3 Be7 6. Qb3 e4 7. Bc2 d5 8. c4 c6
9. Ne2 O-O 10. Nf4 Na6 11. f3 Kh8 12. O-O Nc7 13. cxd5 cxd5 14. Bd1 Bd6 15. Ne2
b6 16. f4 Ba6 17. h3 Nh5 18. g4 Bxe2 19. Bxe2 Ng3 20. Rf2 g5 21. Nf1 Nxe2+ 22.
Rxe2 gxf4 23. exf4 fxg4 24. hxg4 Bxf4 25. Bxf4 Rxf4 26. Qg3 Qg5 27. Ne3 Ne6 28.
Rd1 Raf8 29. Rg2 Rf3 30. Qd6 Qxe3+ 0-1

[Event "Motor City Open"]
[Site "Detroit"]
[Date "1991.11.29"]
[Round "1"]
[White "Ball, Ed"]
[Black "Davis, Victor"]
[Result "1-0"]
[WhiteElo "1957"]
[BlackElo "1260"]
[PlyCount "47"]
[EventDate "1991.11.29"]

1. e4 d6 2. c4 Nf6 3. Nc3 g6 4. d3 Bg7 5. f4 Nbd7 6. Be3 O-O 7. g4 Ne8 8. Qd2
f5 9. gxf5 gxf5 10. Nf3 Kh8 11. Rg1 e6 12. O-O-O c5 13. Bh3 Nb6 14. e5 d5 15.
Bxc5 Rf7 16. Bxb6 Qxb6 17. cxd5 exd5 18. d4 Nc7 19. Ng5 Re7 20. Qe2 Nb5 21.
Qxb5 Qh6 22. Nxd5 a6 23. Nxe7 axb5 24. Nf7# 1-0

[Event "Motor City Open"]
[Site "Detroit"]
[Date "1991.11.29"]
[Round "3"]
[White "Bailey, Jason"]
[Black "Moore, Deane"]
[Result "0-1"]
[WhiteElo "1374"]
[BlackElo "1394"]
[PlyCount "72"]
[EventDate "1991.11.29"]

1. c4 Nc6 2. Nc3 Nf6 3. Nf3 e5 4. d3 h6 5. g3 d5 6. cxd5 Nxd5 7. Bg2 Bb4 8. Bd2
Nxc3 9. Bxc3 Bxc3+ 10. bxc3 O-O 11. O-O Re8 12. d4 e4 13. Ne5 Nxe5 14. dxe5 Bf5
15. Qc2 Rxe5 16. Rad1 Qe7 17. Rd4 c5 18. Rd2 e3 19. Rd3 exf2+ 20. Rxf2 Bxd3 21.
Qxd3 Rd8 22. Qc4 Rd2 23. Bf3 b6 24. Qf4 Rxa2 25. c4 Raxe2 26. Bxe2 Rxe2 27.
Qb8+ Kh7 28. Rxe2 Qxe2 29. Qxa7 Qxc4 30. Qxb6 Qb4 31. Qc7 f6 32. h4 Qd4+ 33.
Kg2 c4 34. Qf7 Qe4+ 35. Kh3 c3 36. h5 c2 0-1

[Event "Motor City Open"]
[Site "Detroit"]
[Date "1991.11.29"]
[Round "1"]
[White "Bailey, Jason"]
[Black "Johnston, Rowland"]
[Result "0-1"]
[WhiteElo "1374"]
[BlackElo "1781"]
[PlyCount "120"]
[EventDate "1991.11.29"]

1. c4 Nf6 2. Nc3 d5 3. cxd5 Nxd5 4. Nxd5 Qxd5 5. Nf3 e5 6. d3 Nc6 7. g3 Bb4+ 8.
Bd2 O-O 9. Bg2 Re8 10. O-O Bc5 11. Bc3 Qd6 12. Qd2 b5 13. a3 Rb8 14. b4 Bb6 15.
Rfd1 Be6 16. e3 Bb3 17. Rdc1 Rbd8 18. Rab1 Ba4 19. d4 exd4 20. Nxd4 Ne5 21. Rb2
Nc4 22. Qe2 Nxb2 23. Bxb2 Bxd4 24. Bxd4 Qxd4 25. exd4 Rxe2 26. Rxc7 Re1+ 27.
Bf1 h6 28. Kg2 Rxd4 29. Rxa7 Ra1 30. Rb7 Rxa3 31. Bxb5 Rxb4 32. Rb8+ Kh7 33.
Bd3+ Rxd3 34. Rxb4 Bc6+ 35. Kf1 Bf3 36. Rb1 Rd1+ 37. Rxd1 Bxd1 38. f4 Kg6 39.
Ke1 Bg4 40. Kf2 Kf5 41. Ke3 h5 42. h4 f6 43. Kd4 Bf3 44. Ke3 Kg4 45. Kf2 Bc6
46. Ke3 Kxg3 47. f5 Kg4 48. Kf2 Kxf5 49. Kg3 g5 50. hxg5 fxg5 51. Kf2 h4 52.
Kg1 g4 53. Kh2 Kf4 54. Kg1 g3 55. Kf1 h3 56. Kg1 h2+ 57. Kf1 h1=Q+ 58. Ke2 Qd5
59. Kf1 Qd2 60. Kg1 Qg2# 0-1

[Event "Motor City Open"]
[Site "Detroit"]
[Date "1991.11.30"]
[Round "5"]
[White "Wydryck, Robert"]
[Black "Falkowski, Kenneth"]
[Result "1-0"]
[WhiteElo "1968"]
[BlackElo "1723"]
[PlyCount "69"]
[EventDate "1991.11.29"]

1. e4 c6 2. d4 d5 3. Nc3 dxe4 4. Nxe4 Bf5 5. Ng3 Bg6 6. Nf3 Nd7 7. Bc4 e6 8.
O-O Ngf6 9. Re1 Be7 10. Nh4 O-O 11. Nxg6 hxg6 12. Bb3 Nd5 13. c3 Bg5 14. Ne4
Bxc1 15. Rxc1 N7f6 16. Nc5 b6 17. Nd3 Nh5 18. Ne5 Ne7 19. Qf3 Rc8 20. Qe4 Nf6
21. Qf3 Qc7 22. Qe2 Rfd8 23. Nxf7 Ned5 24. Nxd8 Rxd8 25. Qxe6+ Kh8 26. Qh3+ Kg8
27. c4 Nf4 28. c5+ N4d5 29. Qe6+ Kf8 30. cxb6 Qxb6 31. Qxc6 Qxd4 32. Rcd1 Qb4
33. Re5 Ng4 34. Rexd5 Re8 35. Qd6+ 1-0

[Event "Motor City Open"]
[Site "Detroit"]
[Date "1991.11.30"]
[Round "5"]
[White "Wilson, Vester"]
[Black "Koger, Melvin"]
[Result "0-1"]
[WhiteElo "2122"]
[BlackElo "1761"]
[PlyCount "60"]
[EventDate "1991.11.29"]

1. e4 e6 2. d4 d5 3. Nc3 Bb4 4. e5 c5 5. Qg4 Bxc3+ 6. bxc3 Ne7 7. Qxg7 Rg8 8.
Qxh7 Nbc6 9. h4 Qc7 10. h5 cxd4 11. f4 Nxe5 12. fxe5 Qxc3+ 13. Kd1 Qxa1 14. h6
Rf8 15. Qg7 Nf5 16. Bd3 Nxg7 17. hxg7 Ke7 18. Kd2 Qc3+ 19. Ke2 Rg8 20. Bg5+ Kd7
21. Bf6 Kc7 22. Nf3 Bd7 23. Ng5 Bb5 24. Rh3 Qxc2+ 25. Ke1 Bxd3 26. Rxd3 Qxd3
27. Nxf7 Qe3+ 28. Kf1 d3 29. Ng5 d2 30. Nxe6+ Kc8 0-1